[Event "34th Leon Blitz Open 2021"]
[Site "chess.com INT"]
[Date "2021.07.07"]
[Round "13"]
[White "Gabriel, Robert"]
[Black "Necula, Iulian"]
[Result "0-1"]
[WhiteTitle "FM"]
[WhiteElo "2236"]
[BlackElo "1890"]
[WhiteFideId "4606477"]
[BlackFideId "1232380"]
[EventDate "2021.07.07"]

1. e4 g6 2. d4 c6 3. c4 Bg7 4. Nc3 e5 5. d5 d6 6. Nf3 Bg4 7. Be2 Nf6 8. O-O O-O
9. h3 Bxf3 10. Bxf3 c5 11. Bg5 h6 12. Be3 a6 13. Qd2 Kh7 14. g4 Ng8 15. Kg2 Nd7
16. h4 Qe7 17. g5 h5 18. a4 f6 19. Be2 Rf7 20. f4 exf4 21. Bxf4 Ne5 22. Rf2 Raf8
23. Raf1 f5 24. exf5 Rxf5 25. Bg3 Rxf2+ 26. Rxf2 Rxf2+ 27. Bxf2 Qd7 28. Ne4 Ne7
29. Qf4 Nf5 30. b3 Kh8 31. Bf1 Ng4 32. Bd3 Nxf2 33. Kxf2 Bd4+ 34. Ke2 Be3 35.
Qf1 Qe7 36. Kd1 Qe5 37. Nf6 Qa1+ 38. Kc2 Qa2+ 0-1

[Event "34th Leon Blitz Open 2021"]
[Site "chess.com INT"]
[Date "2021.07.07"]
[Round "13"]
[White "Svane, Rasmus"]
[Black "Guseinov, Gadir"]
[Result "1/2-1/2"]
[WhiteTitle "GM"]
[BlackTitle "GM"]
[WhiteElo "2615"]
[BlackElo "2665"]
[WhiteFideId "4657101"]
[BlackFideId "13401378"]
[EventDate "2021.07.07"]

1. Nf3 g6 2. d4 Bg7 3. e4 d6 4. c3 Nf6 5. Bd3 O-O 6. O-O Nc6 7. Re1 e5 8. h3 h6
9. Nbd2 Nh5 10. dxe5 Nxe5 11. Nxe5 dxe5 12. Nc4 Be6 13. Ne3 Nf4 14. Bc4 Qxd1 15.
Rxd1 Rfd8 16. Bxe6 Rxd1+ 17. Nxd1 Nxe6 18. Kf1 h5 19. Ke2 f5 20. f3 Kf7 21. Be3
Rh8 22. Nf2 Bh6 23. Rd1 Bxe3 24. Kxe3 Nf4 25. Nd3 Nxd3 26. Rxd3 Ke6 27. f4 exf4+
28. Kxf4 g5+ 29. Ke3 f4+ 30. Kf3 c6 31. c4 b6 32. b4 Rg8 33. b5 cxb5 34. cxb5
Rc8 35. h4 gxh4 36. Kxf4 Rc2 37. Rd5 Rf2+ 38. Ke3 Rxg2 39. Rxh5 Rxa2 40. Rxh4 a6
41. Rh6+ Ke5 42. bxa6 Ra3+ 43. Kd2 Rxa6 44. Kc3 Kxe4 45. Kb4 Kf4 46. Kb5 Kg5 47.
Kxa6 Kxh6 48. Kxb6 1/2-1/2

[Event "34th Leon Blitz Open 2021"]
[Site "chess.com INT"]
[Date "2021.07.07"]
[Round "13"]
[White "Iskusnyh, Sergei"]
[Black "Lysyj, Igor"]
[Result "0-1"]
[WhiteTitle "GM"]
[BlackTitle "GM"]
[WhiteElo "2473"]
[BlackElo "2605"]
[WhiteFideId "4120027"]
[BlackFideId "4150120"]
[EventDate "2021.07.07"]

1. d4 d5 2. c4 e6 3. Nf3 dxc4 4. e3 Nf6 5. Bxc4 c5 6. O-O cxd4 7. Nxd4 Bd6 8.
Nc3 O-O 9. Be2 a6 10. Bf3 Qe7 11. Qc2 Nbd7 12. Bd2 Ne5 13. Be2 Bd7 14. Ne4 Rac8
15. Bc3 Nd5 16. Nxd6 Qxd6 17. Rad1 Nxc3 18. bxc3 Qc7 19. Qe4 Ng6 20. c4 f5 21.
Qd3 Rcd8 22. Qb3 Bc8 23. c5 Rde8 24. Qb6 Qxb6 25. cxb6 e5 26. Bc4+ Kh8 27. Nf3
e4 28. Ng5 Ne5 29. Be2 h6 30. Nh3 g5 31. Rd6 Re6 32. Rfd1 Kg7 33. f4 exf3 34.
gxf3 Rxd6 35. Rxd6 f4 36. exf4 Nf7 0-1

[Event "34th Leon Blitz Open 2021"]
[Site "chess.com INT"]
[Date "2021.07.07"]
[Round "13"]
[White "Jimenez Martinez, Jose Vicente"]
[Black "Golubev, Mikhail"]
[Result "0-1"]
[WhiteTitle "FM"]
[BlackTitle "GM"]
[WhiteElo "2271"]
[BlackElo "2461"]
[WhiteFideId "2264021"]
[BlackFideId "14100983"]
[EventDate "2021.07.07"]

1. d4 g6 2. c4 Bg7 3. e4 d6 4. Nc3 Nf6 5. Be3 Ng4 6. Bg5 h6 7. Bc1 e5 8. d5 f5
9. f3 Nf6 10. exf5 gxf5 11. Bd3 O-O 12. Be3 Nh5 13. Qd2 e4 14. fxe4 f4 15. Bf2
Na6 16. Nf3 Bg4 17. O-O-O Bxf3 18. gxf3 Be5 19. Rdg1+ Kh8 20. Rg6 Kh7 21. Rhg1
c5 22. R1g4 Rf6 23. Bh4 Qh8 24. Bxf6 Nxf6 25. Rg2 Rg8 26. Rxg8 Nxg8 27. Ne2 Nb4
28. Bb1 Qf6 29. a3 Na6 30. Rg4 h5 31. Rg2 Ne7 32. Nc3 Ng6 33. Bd3 Nb8 34. Kc2
Nd7 35. Qf2 Bd4 36. Qf1 Nde5 37. Rd2 Nh4 38. Qh3 Nhxf3 39. Qxh5+ Qh6 40. Qf5+
Qg6 41. Rg2 Ne1+ 42. Kd2 Nxg2 43. Qh3+ Kg7 44. Nb5 Be3+ 45. Kd1 Nxd3 46. Qd7+
Kh6 47. Nxd6 Qh5+ 48. Kc2 Qe2+ 49. Kb3 Qxb2+ 50. Ka4 Qc2+ 51. Ka5 Bd2+ 52. Kb5
Qb3# 0-1

[Event "34th Leon Blitz Open 2021"]
[Site "chess.com INT"]
[Date "2021.07.07"]
[Round "13"]
[White "Pham, Le Thao Nguyen"]
[Black "Girya, Olga"]
[Result "1-0"]
[WhiteTitle "IM"]
[BlackTitle "WGM"]
[WhiteElo "2369"]
[BlackElo "2448"]
[WhiteFideId "12401226"]
[BlackFideId "4195752"]
[EventDate "2021.07.07"]

1. d4 d5 2. Nf3 Nf6 3. Bf4 c5 4. e3 Nc6 5. Nbd2 cxd4 6. exd4 Qb6 7. Nb3 Bg4 8.
Be2 e6 9. h3 Bxf3 10. Bxf3 Qd8 11. c3 Bd6 12. Bg5 h6 13. Bh4 g5 14. Bg3 Bxg3 15.
fxg3 Qd6 16. Kf2 Ne4+ 17. Bxe4 dxe4 18. Qg4 f5 19. Qh5+ Ke7 20. Rhe1 Raf8 21.
Rad1 Qd5 22. Qe2 b5 23. Nc5 Rb8 24. b4 h5 25. Kg1 Kf6 26. Rf1 Ne7 27. Nxe4+ Kg6
28. Nc5 Rb6 29. Rde1 h4 30. gxh4 Rxh4 31. Qe5 Qxe5 32. Rxe5 Nd5 33. Nxe6 Nxc3
34. Rfxf5 Rxe6 35. Rxg5+ Kf6 36. Ref5+ Ke7 37. d5 Re1+ 38. Kh2 Rhe4 39. Rg7+ Kd6
40. Rg6+ Kd7 41. Ra6 Re5 42. Rf7+ Ke8 43. Rfxa7 Rxd5 44. Rh6 Rf1 45. Rh8+ Rf8
46. Ra8+ Ke7 47. Rhxf8 1-0

[Event "34th Leon Blitz Open 2021"]
[Site "chess.com INT"]
[Date "2021.07.07"]
[Round "13"]
[White "Demchenko, Anton"]
[Black "Sjugirov, Sanan"]
[Result "1-0"]
[WhiteTitle "GM"]
[BlackTitle "GM"]
[WhiteElo "2600"]
[BlackElo "2661"]
[WhiteFideId "4160258"]
[BlackFideId "4189302"]
[EventDate "2021.07.07"]

1. e4 c6 2. d4 d5 3. e5 Bf5 4. Nd2 e6 5. Nb3 Nd7 6. Nf3 a6 7. Be2 c5 8. O-O c4
9. Nbd2 h6 10. c3 b5 11. Re1 Ne7 12. Nf1 Nc6 13. Ng3 Bg6 14. h4 Be7 15. h5 Bh7
16. Bf1 Rb8 17. a3 a5 18. Nh2 O-O 19. Qg4 Kh8 20. f4 Bh4 21. Nf3 Bxg3 22. Qxg3
b4 23. axb4 axb4 24. Qf2 Ra8 25. Bd2 Qb6 26. g4 Qb7 27. f5 Rxa1 28. Rxa1 exf5
29. g5 f4 30. Bxf4 Rg8 31. Kh2 hxg5 32. Nxg5 Nf8 33. Bg3 Nd8 34. Bg2 bxc3 35.
bxc3 Nfe6 36. Nxh7 Kxh7 37. Qf3 Qb2 38. Rf1 Rf8 39. Bh4 Kg8 40. h6 Qc2 41. hxg7
Kxg7 42. Bf6+ Kg8 43. Qxd5 Qxc3 44. Rf3 Qxd4 45. Rg3+ Kh7 46. Be4+ Kh6 47. Rh3# 1-0

[Event "34th Leon Blitz Open 2021"]
[Site "chess.com INT"]
[Date "2021.07.07"]
[Round "13"]
[White "Vovk, Orest"]
[Black "Ibarra Jerez, Jose Carlos"]
[Result "0-1"]
[WhiteTitle "FM"]
[BlackTitle "GM"]
[WhiteElo "2315"]
[BlackElo "2558"]
[WhiteFideId "14113490"]
[BlackFideId "2226332"]
[EventDate "2021.07.07"]

1. g4 d5 2. h3 e5 3. Bg2 c6 4. d4 e4 5. c4 h5 6. Nc3 Be6 7. Qb3 Qd7 8. g5 Ne7 9.
f3 Nf5 10. e3 Ng3 11. Rh2 exf3 12. cxd5 Bxd5 13. Nxd5 fxg2 14. Rxg2 h4 15. Nf4
Bd6 16. g6 Bxf4 17. Qxf7+ Qxf7 18. gxf7+ Kxf7 19. Rf2 g5 20. exf4 Re8+ 21. Kd1
Ne4 22. Re2 Nd7 23. Nf3 Rad8 24. Kc2 Ng3 25. Rxe8 Rxe8 26. Ne5+ Nxe5 27. dxe5
Kg6 28. fxg5 Rxe5 29. Bd2 Re2 30. Kd3 Rh2 31. Re1 Rxh3 32. Re6+ Kf7 33. Rf6+ Kg7
34. Kc4 Ne4 35. Re6 Nxd2+ 36. Kc5 0-1

[Event "34th Leon Blitz Open 2021"]
[Site "chess.com INT"]
[Date "2021.07.07"]
[Round "13"]
[White "Tejedor Fuente, Enrique"]
[Black "Maly, Alexey"]
[Result "0-1"]
[WhiteTitle "IM"]
[BlackTitle "IM"]
[WhiteElo "2434"]
[BlackElo "2370"]
[WhiteFideId "2299100"]
[BlackFideId "14103184"]
[EventDate "2021.07.07"]

1. e4 c6 2. c4 d5 3. cxd5 cxd5 4. exd5 Nf6 5. Nc3 Nxd5 6. Nf3 g6 7. Qb3 Nxc3 8.
Qxc3 Rg8 9. d4 Bg7 10. Be3 Nc6 11. Bb5 Bd7 12. O-O Rc8 13. Qd2 a6 14. Be2 Be6
15. Ng5 Nxd4 16. Rfd1 Nxe2+ 17. Qxe2 Qa5 18. Nxe6 fxe6 19. Rac1 Kf7 20. Qf3+ Bf6
21. Rxc8 Rxc8 22. Qxb7 Rc2 23. b4 Qxa2 24. b5 Rb2 25. Qxa6 Rb1 26. Rf1 Rxf1+ 27.
Kxf1 Qb1+ 28. Ke2 Qc2+ 29. Kf3 Qd1+ 30. Kg3 g5 31. Kh3 h5 32. f3 g4+ 33. Kg3
Be5+ 34. f4 Qe1+ 35. Bf2 Qc3+ 36. Kh4 Bxf4 37. Kxh5 Qg7 38. Kh4 Qg5# 0-1

[Event "34th Leon Blitz Open 2021"]
[Site "chess.com INT"]
[Date "2021.07.07"]
[Round "13"]
[White "Vitenberg, Noam Aviv"]
[Black "Kadam, Om Manish"]
[Result "1-0"]
[WhiteTitle "FM"]
[BlackTitle "CM"]
[WhiteElo "2315"]
[BlackElo "2114"]
[WhiteFideId "1532138"]
[BlackFideId "45076294"]
[EventDate "2021.07.07"]

1. d4 Nf6 2. c4 g6 3. Nc3 d5 4. cxd5 Nxd5 5. e4 Nxc3 6. bxc3 Bg7 7. Nf3 c5 8.
Be3 O-O 9. Qd2 Qa5 10. Rc1 Rd8 11. d5 e6 12. Bg5 f6 13. Be3 exd5 14. exd5 b6 15.
c4 Qxd2+ 16. Nxd2 Re8 17. Be2 Nd7 18. O-O Ne5 19. Ne4 Nf7 20. Bf3 Bf5 21. Nc3
Ne5 22. Be2 Bd7 23. Rfe1 Kf7 24. a4 h6 25. Nb5 Bxb5 26. axb5 f5 27. Red1 Rad8
28. Rc2 Re7 29. Ra2 g5 30. f4 Ng6 31. Bc1 Bd4+ 32. Kf1 Nxf4 33. Bxf4 gxf4 34.
Rd3 Kf6 35. Rh3 Kg7 36. Rha3 Rdd7 37. Ra4 Kf6 38. R4a3 Be3 39. Bh5 Bc1 40. Rc3
Be3 41. Rca3 Bd4 42. Bf3 Be5 43. Ra4 Bc3 44. R4a3 Bb4 45. Rd3 Re1+ 46. Kf2 Rc1
47. d6 Rxc4 48. Bc6 Rd8 49. d7 Ba5 50. Re2 1-0

[Event "34th Leon Blitz Open 2021"]
[Site "chess.com INT"]
[Date "2021.07.07"]
[Round "13"]
[White "Dang, Hoang Son"]
[Black "Lobanov, Sergei"]
[Result "1-0"]
[WhiteTitle "FM"]
[BlackTitle "IM"]
[WhiteElo "2363"]
[BlackElo "2514"]
[WhiteFideId "12402435"]
[BlackFideId "24183750"]
[EventDate "2021.07.07"]

1. e4 e5 2. Nf3 Nc6 3. Bc4 Nf6 4. Ng5 d5 5. exd5 Na5 6. d3 h6 7. Nf3 e4 8. Qe2
Nxc4 9. dxc4 Bc5 10. h3 O-O 11. Nh2 b5 12. cxb5 Qxd5 13. Nc3 Qe6 14. Be3 Bb4 15.
O-O a6 16. Bd4 axb5 17. Bxf6 Qxf6 18. Nd5 Qd6 19. Rad1 Bb7 20. Qxb5 Bxd5 21.
Rxd5 c6 22. Rxd6 cxb5 23. Rd4 Bc5 24. Rxe4 Rxa2 25. b4 Ba7 26. Re5 Rc8 27. Rxb5
Rcxc2 28. Rf5 Rab2 29. Ng4 Rxb4 30. Ra1 Rb7 31. g3 g6 32. Rf3 h5 33. Nf6+ Kf8
34. Re1 Kg7 35. Ne8+ Kf8 36. Nd6 Rd7 37. Re8+ Kg7 38. Ne4 Re2 39. Kf1 Ra2 40. g4
hxg4 41. hxg4 Rd1+ 42. Kg2 Re1 43. Re7 Kh6 44. g5+ Kh5 45. Ng3+ Kxg5 46. Rxe1
Bxf2 47. Rxf2 1-0

[Event "34th Leon Blitz Open 2021"]
[Site "chess.com INT"]
[Date "2021.07.07"]
[Round "13"]
[White "Gallegos Diaz, Carlos Alberto"]
[Black "Gimenez Aguirre, Alejo Ismael"]
[Result "1-0"]
[WhiteTitle "IM"]
[BlackTitle "IM"]
[WhiteElo "2374"]
[BlackElo "2265"]
[WhiteFideId "3900886"]
[BlackFideId "32041667"]
[EventDate "2021.07.07"]

1. e4 c5 2. Nf3 g6 3. d3 Nc6 4. Nbd2 Bg7 5. Be2 Nf6 6. O-O d5 7. h3 O-O 8. c3 b6
9. Re1 e5 10. exd5 Nxd5 11. Bf1 Bb7 12. a4 Nf4 13. Nc4 f6 14. Bxf4 exf4 15. a5
b5 16. a6 Bc8 17. Ncd2 Kh8 18. Qb3 Rb8 19. Ne4 Qb6 20. Nd6 h5 21. Nxc8 Rfxc8 22.
Re6 Re8 23. Rae1 Rxe6 24. Rxe6 Qc7 25. Qd5 Ne7 26. Qe4 Nf5 27. d4 Kh7 28. Rc6
Qd7 29. Rxc5 Rb6 30. Bd3 Rxa6 31. Bxb5 Ra1+ 32. Kh2 Qd6 33. Rxf5 gxf5 34. Qxf5+
Kg8 35. Bc4+ Kf8 36. Qxh5 Qc7 37. Qd5 Bh6 38. Qe6 Bg5 39. h4 Bxh4 40. Nxh4 f3+
41. g3 Qh7 42. Qc8+ Kg7 43. Qd7+ Kh6 44. Nf5+ Kg6+ 45. Nh4+ Kh6 46. Qg4 Qb1 47.
Nf5+ Qxf5 48. Qxf5 a5 49. Qxf6+ Kh5 50. Bf7+ Kg4 51. Qf4# 1-0

[Event "34th Leon Blitz Open 2021"]
[Site "chess.com INT"]
[Date "2021.07.07"]
[Round "13"]
[White "Dhulipalla, Bala Chandra Prasad"]
[Black "Yilmaz, Mustafa"]
[Result "0-1"]
[WhiteTitle "IM"]
[BlackTitle "GM"]
[WhiteElo "2425"]
[BlackElo "2630"]
[WhiteFideId "25005812"]
[BlackFideId "6302718"]
[EventDate "2021.07.07"]

1. d4 d5 2. Bf4 c5 3. e3 Nc6 4. c3 Qb6 5. Qb3 c4 6. Qc2 e5 7. dxe5 Bf5 8. Qc1 g5
9. Bxg5 Nxe5 10. Nd2 f6 11. Bf4 Nd3+ 12. Bxd3 Bxd3 13. Ne2 Ne7 14. Bg3 Ng6 15.
Nf4 Nxf4 16. Bxf4 Rg8 17. Bg3 O-O-O 18. Nf3 Re8 19. Qd2 Bh6 20. Nd4 Qa5 21. b4
Qa6 22. O-O-O Rxe3 23. Kb2 Re2 24. Qxe2 Bxe2 25. Nxe2 Re8 26. Rhe1 Qe6 27. f3 f5
28. Nd4 Qd7 29. Rxe8+ Qxe8 30. Re1 Qf7 31. Nb5 Qg6 32. Re2 f4 33. Be1 a5 34.
bxa5 Qa6 35. Nd4 Qxa5 36. Bh4 Qb6+ 37. Kc1 Kb8 38. Re6 Qa5 39. Rxh6 Qxc3+ 40.
Nc2 Qd3 41. Re6 c3 42. Re8+ Kc7 43. Bg5 Qd2+ 0-1

[Event "34th Leon Blitz Open 2021"]
[Site "chess.com INT"]
[Date "2021.07.07"]
[Round "13"]
[White "Mikhnenko, Alexander"]
[Black "Bures, Vit"]
[Result "0-1"]
[WhiteTitle "CM"]
[BlackTitle "CM"]
[WhiteElo "2065"]
[BlackElo "2144"]
[WhiteFideId "34143014"]
[BlackFideId "309052"]
[EventDate "2021.07.07"]

1. e4 e5 2. Nf3 Nc6 3. Bb5 a6 4. Ba4 Nf6 5. O-O Be7 6. d3 b5 7. Bb3 d6 8. a4 Bd7
9. Nc3 b4 10. Ne2 O-O 11. Ng3 h6 12. Be3 Na5 13. Ba2 c5 14. b3 Nc6 15. Nd2 d5
16. exd5 Nxd5 17. Nde4 Nxe3 18. fxe3 f5 19. Nd2 Bg5 20. Nc4 Be6 21. Qe2 Bxc4 22.
dxc4 Qc8 23. Rad1 Qe6 24. Rd5 Be7 25. Bb1 e4 26. Rfd1 Ne5 27. Qf1 Ng4 28. Nxf5
Rxf5 29. Qxf5 Qxf5 30. Rxf5 Nxe3 31. Rff1 Nxf1 32. Rxf1 Rd8 33. c3 bxc3 34. Bxe4
Rd2 35. Re1 Bf6 36. Kf1 Bd4 37. Bd5+ Kf8 38. Rc1 Rb2 39. Bb7 a5 40. Bd5 Rxb3 41.
Ke2 Rb2+ 42. Kd3 Rd2+ 43. Ke4 Rxg2 44. Kf5 Rxh2 45. Ke6 Re2+ 46. Kd7 c2 47. Rf1+
Rf2 48. Re1 g5 49. Re8+ Kg7 50. Re7+ Kf6 51. Re6+ Kf5 52. Be4+ Kf4 53. Bxc2 Rxc2
54. Rxh6 Rxc4 55. Ke6 Rxa4 56. Kd5 g4 57. Rh7 g3 58. Rf7+ Ke3 59. Rf5 g2 60. Rg5
Kf3 61. Rf5+ Kg4 62. Rf7 g1=Q 63. Re7 Qg2+ 64. Kd6 Qg3+ 65. Kd7 Qb8 66. Re6 Rb4
67. Rg6+ Kf5 68. Rc6 Rb7+ 69. Rc7 Qxc7+ 70. Ke8 Qe7# 0-1

[Event "34th Leon Blitz Open 2021"]
[Site "chess.com INT"]
[Date "2021.07.07"]
[Round "13"]
[White "Dobre, Claudiu-Cristian"]
[Black "Filip, Lucian-Ioan"]
[Result "1/2-1/2"]
[WhiteTitle "IM"]
[BlackTitle "IM"]
[WhiteElo "2314"]
[BlackElo "2431"]
[WhiteFideId "1211854"]
[BlackFideId "1208900"]
[EventDate "2021.07.07"]

1. c4 e6 2. Nc3 d5 3. cxd5 exd5 4. d4 c6 5. Qc2 Bd6 6. Nf3 Ne7 7. Bg5 Bf5 8. Qd2
O-O 9. e3 f6 10. Bh4 Nd7 11. Bg3 Nb6 12. Bxd6 Qxd6 13. b4 Qxb4 14. Bd3 Bxd3 15.
Qxd3 Qc4 16. Ke2 Nf5 17. Rab1 Nd6 18. Nd2 Qxd3+ 19. Kxd3 Rf7 20. Rb3 Rd8 21. h4
h5 22. Rhb1 Rdd7 23. a4 Nbc4 24. Rb4 Nxd2 25. Kxd2 b6 26. Kd3 f5 27. Ne2 g6 28.
Nf4 Kg7 29. Rc1 Nc4 30. Ke2 Kf6 31. Nd3 Rfe7 32. g3 Rd6 33. Nb2 Nxb2 34. Rxb2
Rc7 35. Rbc2 Ke6 36. Kf3 c5 37. dxc5 Rdc6 38. cxb6 Rxc2 39. bxa7 Rxa7 40. Rxc2
Rxa4 41. Rc6+ Kf7 42. Rd6 Ra2 43. Rxd5 Kf6 44. Rd6+ Kg7 45. Kf4 Rxf2+ 46. Kg5
Rf3 47. Rxg6+ Kh7 48. Kxh5 Rxe3 49. Rg5 Rf3 50. g4 fxg4 51. Kxg4 Rf1 52. Kh5 Rf6
53. Ra5 Rh6+ 54. Kg5 Rg6+ 55. Kh5 Rh6+ 56. Kg5 Rg6+ 57. Kf5 Rg1 58. Ra6 Rg2 59.
Kf4 Rg1 60. Kf5 Rg2 61. Kf4 Rg1 62. Kf5 1/2-1/2

[Event "34th Leon Blitz Open 2021"]
[Site "chess.com INT"]
[Date "2021.07.07"]
[Round "13"]
[White "Prohorov, Olexandr"]
[Black "Guevara Sanchez, Erick Marvin"]
[Result "1/2-1/2"]
[WhiteTitle "FM"]
[BlackTitle "FM"]
[WhiteElo "2086"]
[BlackElo "2173"]
[WhiteFideId "14105578"]
[BlackFideId "6700136"]
[EventDate "2021.07.07"]

1. d4 f5 2. g4 fxg4 3. h3 d6 4. hxg4 Bxg4 5. Qd3 Qd7 6. Bg2 Nf6 7. Bxb7 Bf5 8.
Qb3 Be4 9. Bxe4 Nxe4 10. Qd5 Qc6 11. Qxc6+ Nxc6 12. Nf3 g6 13. c3 Bg7 14. Na3 h6
15. Nb5 Kd7 16. Bf4 g5 17. Bh2 h5 18. Rg1 Bf6 19. d5 Na5 20. Nbd4 g4 21. Nd2
Nxd2 22. Kxd2 Nc4+ 23. Kc2 Bxd4 24. cxd4 Raf8 25. Rg2 Nb6 26. e4 Rf3 27. b3 Rhf8
28. Bg3 a5 29. a4 Kd8 30. Rh1 Nd7 31. Rxh5 Nf6 32. Rg5 Nxe4 33. Rxg4 Nxf2 34.
Bxf2 Rxf2+ 35. Rxf2 Rxf2+ 36. Kc3 Kd7 37. Kc4 Rc2+ 38. Kb5 Rb2 39. Kc4 Rc2+ 40.
Kd3 Rb2 41. Kc3 Rb1 42. Rg8 Rc1+ 43. Kd3 Rb1 44. Ke4 Rxb3 45. Ra8 Rb1 46. Rxa5
Re1+ 47. Kd3 Rd1+ 48. Kc4 Rc1+ 49. Kb4 Rd1 50. Kc3 Rc1+ 51. Kd2 Rc4 52. Kd3 Rc1
53. Ra7 Rd1+ 54. Kc3 Rc1+ 55. Kd2 Rc4 56. Kd3 Rc1 57. a5 Rd1+ 58. Kc3 Rc1+ 59.
Kd2 Ra1 60. a6 Ra4 61. Kd3 Ra3+ 62. Ke4 Ra1 63. Ra8 Re1+ 64. Kd3 Ra1 65. a7 Ra3+
66. Ke4 Ra4 67. Kf5 Ra5 68. Kg6 Ra3 69. Kf7 Rf3+ 70. Kg6 Ra3 71. Kf5 Ra4 72. Ke4
Ra3 1/2-1/2

[Event "34th Leon Blitz Open 2021"]
[Site "chess.com INT"]
[Date "2021.07.07"]
[Round "13"]
[White "Sarana, Alexey"]
[Black "Martinez Alcantara, Jose Eduardo"]
[Result "1/2-1/2"]
[WhiteTitle "GM"]
[BlackTitle "GM"]
[WhiteElo "2640"]
[BlackElo "2620"]
[WhiteFideId "24133795"]
[BlackFideId "3805662"]
[EventDate "2021.07.07"]

1. e4 c5 2. Nf3 d6 3. d4 cxd4 4. Nxd4 Nf6 5. Nc3 a6 6. Be3 e5 7. Nb3 Be7 8. f3
Be6 9. Qd2 h5 10. Nd5 Bxd5 11. exd5 Nbd7 12. O-O-O Qc7 13. Kb1 Nb6 14. Qa5 Rc8
15. c3 Bd8 16. Be2 Nbxd5 17. Rxd5 Qc6 18. Rxe5+ dxe5 19. Qxe5+ Qe6 20. Qxe6+
fxe6 21. Re1 Kf7 22. Bd3 Nd5 23. Bd2 Bf6 24. c4 Ne7 25. Be4 b6 26. Be3 Rxc4 27.
Bxb6 Nd5 28. Ba5 Rb8 29. Bd3 Rc6 30. Bd2 Rd6 31. Re4 Nc3+ 32. bxc3 Rxd3 33. Kc2
Rd5 34. c4 Re5 35. Rxe5 Bxe5 36. h3 Rc8 37. Kd3 Rd8+ 38. Ke4 Bd6 39. Bc3 Rc8 40.
Kd3 g5 41. Bd4 g4 42. hxg4 hxg4 43. c5 Bc7 44. Nd2 Rb8 45. fxg4 Rg8 46. Nf3 Rxg4
47. Be5 Ba5 48. c6 Ke8 49. g3 Ra4 50. Nd4 Ke7 51. c7 Kd7 52. Nxe6 Rxa2 53. Nc5+
Kc8 54. Nxa6 Bb6 55. Nb4 Ra5 56. Nc6 Rd5+ 57. Ke4 Rd7 58. g4 Bxc7 59. g5 Rd1 60.
g6 Rg1 61. Kf5 Kd7 62. Bxc7 Rxg6 63. Ne5+ Kxc7 64. Nxg6 1/2-1/2

[Event "34th Leon Blitz Open 2021"]
[Site "chess.com INT"]
[Date "2021.07.07"]
[Round "13"]
[White "Sarkar, Justin"]
[Black "Navarro Segura, Roberto"]
[Result "1-0"]
[WhiteTitle "IM"]
[BlackTitle "IM"]
[WhiteElo "2338"]
[BlackElo "2123"]
[WhiteFideId "2010011"]
[BlackFideId "5100364"]
[EventDate "2021.07.07"]

1. d4 d5 2. c4 dxc4 3. Nf3 Nf6 4. e3 e6 5. Bxc4 c5 6. O-O Nc6 7. Nc3 a6 8. Bb3
Qc7 9. Qe2 Be7 10. dxc5 Bxc5 11. Bd2 O-O 12. Rac1 Be7 13. e4 e5 14. Nd5 Qd8 15.
Be3 Bg4 16. Bb6 Qd7 17. Nxe7+ Nxe7 18. h3 Bh5 19. Rfd1 Qb5 20. Qxb5 axb5 21. g4
Bg6 22. Nxe5 Nxe4 23. Rc7 Nc6 24. Nxg6 hxg6 25. Rxb7 Na5 26. Bxa5 Rxa5 27. Rdd7
Ng5 28. h4 Nf3+ 29. Kf1 Nxh4 30. Rxf7 Rxf7 31. Bxf7+ Kh7 32. Be6 Nf3 33. Kg2 Ng5
34. Bd5 Ra4 35. Kg3 Rb4 36. f4 Ne4+ 37. Bxe4 Rxe4 38. Rxb5 Ra4 39. a3 Kg8 40.
Rb4 Ra5 41. g5 Kf7 42. a4 Ke6 43. b3 Kf7 44. Rb7+ Ke6 45. Rxg7 Kf5 46. Rf7+ Ke4
47. Rf6 Rd5 48. Rxg6 Rd3+ 49. Kg4 Rxb3 50. a5 Ra3 51. a6 Ra1 52. Re6+ Kd5 53. f5
Ra4+ 54. Kh5 Ra1 55. g6 Ra3 56. Kg5 Ra1 57. g7 Ra3 58. Kf6 Rg3 59. Kf7 Rg5 60.
g8=Q Rxf5+ 61. Ke7 Kc5 62. Qc8+ Kb5 63. a7 Rf4 64. Qb8+ Ka5 65. Qxf4 Kb5 66.
a8=Q Kc5 67. Qc6# 1-0

[Event "34th Leon Blitz Open 2021"]
[Site "chess.com INT"]
[Date "2021.07.07"]
[Round "13"]
[White "Rosenberg, Evan S"]
[Black "Pacheco Lugo, Alejandro Jose"]
[Result "0-1"]
[BlackTitle "CM"]
[WhiteElo "2125"]
[BlackElo "2127"]
[WhiteFideId "2019299"]
[BlackFideId "3903745"]
[EventDate "2021.07.07"]

1. Nf3 Nf6 2. c4 e6 3. Nc3 d5 4. d4 c6 5. Bg5 h6 6. Bxf6 Qxf6 7. Qb3 dxc4 8.
Qxc4 b5 9. Qb3 b4 10. Ne4 Qf5 11. Ng3 Qd5 12. e4 Qxb3 13. axb3 Nd7 14. Bd3 Be7
15. Ke2 c5 16. Rhc1 O-O 17. Bb5 cxd4 18. Rxc8 d3+ 19. Kd2 Rfxc8 20. Bxd7 Rc2+
21. Kxd3 Rxb2 22. Bc6 Rxb3+ 23. Ke2 Rc8 24. Rxa7 Bc5 25. Ra8 Rb2+ 26. Kd3 Rxa8
27. Bxa8 Bxf2 28. Ne2 Ra2 29. Bc6 b3 30. Nc3 b2 31. Kc2 Ra6 32. Bb5 b1=Q+ 33.
Nxb1 Rb6 34. Bc4 g6 35. Bb3 Kg7 36. Nc3 Rc6 37. Ne5 Rc7 38. Kd3 Be1 39. Nb5 Rb7
40. Bc4 Bb4 41. Nc6 Bf8 42. e5 Rd7+ 43. Ke4 Rd2 44. Kf3 Rc2 45. Na5 Bb4 46. Bb3
Rc5 47. Ba4 Bxa5 48. Nd6 Rxe5 49. Ne8+ Kf8 50. Nd6 Rd5 51. Nb7 Bb4 52. Bc6 Rd3+
53. Ke2 Rc3 54. Bf3 Ke7 55. h4 h5 56. Be4 f5 57. Bf3 e5 58. Bd5 e4 59. Bg8 f4
60. Bh7 Kf6 61. Bg8 Rc7 62. Nd8 Rc2+ 63. Kd1 Rxg2 64. Nc6 Bc3 65. Bd5 Rd2+ 66.
Kc1 Rxd5 67. Kc2 Rc5 68. Nd8 Ba5+ 69. Kb3 Bxd8 70. Kb4 Be7 71. Ka4 e3 72. Kb4 e2
73. Ka4 e1=Q 74. Ka3 Qa1+ 75. Kb3 Qb1+ 76. Ka4 Kf5 77. Ka3 Ra5# 0-1

[Event "34th Leon Blitz Open 2021"]
[Site "chess.com INT"]
[Date "2021.07.07"]
[Round "13"]
[White "Onischuk, Vladimir"]
[Black "Gorodetzky, David"]
[Result "1-0"]
[WhiteTitle "GM"]
[BlackTitle "IM"]
[WhiteElo "2622"]
[BlackElo "2496"]
[WhiteFideId "14114038"]
[BlackFideId "2813416"]
[EventDate "2021.07.07"]

1. e4 e5 2. Nf3 Nc6 3. Bc4 Bc5 4. d3 Nf6 5. c3 d6 6. b4 Bb6 7. Nbd2 a5 8. b5 Ne7
9. Bb3 c6 10. a4 O-O 11. O-O Ng6 12. Nc4 Bc7 13. Re1 Re8 14. h3 h6 15. Ba3 d5
16. exd5 cxd5 17. Ne3 Be6 18. Bc2 Qd7 19. Nf1 Rad8 20. Bc5 Qc8 21. Be3 e4 22.
N3h2 Bxh3 23. Bd4 Bxg2 24. Bxf6 Bxf1 25. Nxf1 gxf6 26. Re3 f5 27. Qh5 Qe6 28.
dxe4 dxe4 29. Rh3 Nf4 30. Rg3+ Kf8 31. Qh4 Ne2+ 32. Kg2 Nxg3 33. fxg3 e3 34. Re1
e2 35. Nh2 Rd2 36. Bb3 Qe4+ 37. Nf3 Qxh4 38. gxh4 Rb2 39. Bd5 Re3 40. Bxb7 Rxc3
41. Nd4 Re3 42. Nxf5 Rd3 43. Bf3 Rd1 44. Rxe2 Rdd2 45. Rxd2 Rxd2+ 46. Kf1 Ra2
47. Bd1 Be5 48. Nxh6 Bd4 49. h5 Bb6 50. Ng4 Kg7 51. Ne5 f6 52. Nc4 Bd4 53. Nxa5
Ra1 54. Ke2 Kh6 55. Nc6 Bb6 56. Bc2 Kxh5 57. Kf3 Kg5 58. Ke4 f5+ 59. Kd5 f4 60.
Ne5 Kh4 61. Kc6 Bd8 62. Bb3 Rb1 63. Bd5 Kg3 64. Nc4 Ra1 65. b6 Rxa4 66. b7 Rb4
67. Nd6 1-0